000 00361nam a2200121 4500
999 _c9677
_d9677
008 180713b ||||| |||| 00| 0 eng d
100 _928667
_aNilles, Giovanni
245 _aNational smoking ban to follow Davao scheme/
_cGiovanni Nilles
260 _aPhilippines
_bThe Philippine Star
_cc2016
300 _apage 5.
650 0 _928668
_aSmoking.
942 _2ddc
_cPER